Кн. 2; Основы аналитической химии

Podrobná bibliografie
Parent link:Основы аналитической химии: пер. с англ./ Д. Скуг, Д. Уэст. Кн. 2.— , 1979
Jazyk:ruština
Vydáno: 1979
Témata:
Médium: Kniha
KOHA link:https://koha.lib.tpu.ru/cgi-bin/koha/opac-detail.pl?biblionumber=33025

MARC

LEADER 00000nam2a2200000 4500
001 33025
005 20231101210132.0
035 |a (RuTPU)RU\TPU\book\33340 
035 |a BOOK00000058 
090 |a 33025 
100 |a 20011210d1979 km y0rusy50 ca 
101 1 |a rus  |c eng 
102 |a RU 
105 |a а z 001zy 
200 0 |a Кн. 2 
210 |d 1979 
215 |a 438 с.  |c ил. 
320 |a Библиогр. в конце разделов. 
320 |a Предм. указ.: с. 418-430. 
461 1 |0 (RuTPU)RU\TPU\book\33339  |t Основы аналитической химии  |o пер. с англ.  |o в 2 кн.  |f Д. Скуг, Д. Уэст  |v Кн. 2  |d 1979 
606 1 |a Аналитическая химия  |2 stltpush  |3 (RuTPU)RU\TPU\subj\67454  |9 83247 
610 1 |a химия 
610 1 |a аналитическая химия 
610 1 |a электрогравитетрия 
610 1 |a вольтамперометрия 
610 1 |a абсорбционная спектроскопия 
610 1 |a разложение 
610 1 |a растворение 
610 1 |a разделение 
610 1 |a реактивы 
610 1 |a приборы 
610 1 |a анализ 
675 |a 543  |v 3 
801 0 |a RU  |b 63413507  |c 20011210  |g PSBO 
801 2 |a RU  |b 63413507  |c 20221018  |g PSBO 
942 |c BK